000 00600nam a2200205 i 4500
001 181686
003 ES-MaACL
005 20250822063234.0
008 130312s1983 sp | |||||||| | cat d
080 _a821.134.1-92"19"
080 _a821.134.1-4"19"
100 1 _aPla, Josep,
_d1897-1981
_9164614
245 1 0 _aCaps-i-puntes /
_cJosep Pla.
260 _aBarcelona :
_bDestino,
_c1983.
300 _a802 p. ;
_c18 cm.
490 1 _aObra completa de Josep Pla ;
_v43
830 0 _aObra completa de Josep Pla ;
_v43
_9191524
852 _aES-MaACL
_jJ-46(43)
999 _c181686
_d181686